00714 2200253 4500001002100000005001700021008004100038020002200079035002500101040001200126082001400138084001600152100001800168245009600186250001100282260003300293300002300326504003000349650001500379700001800394850001200412990001800424990001800442INLIS00000000001201620151008104437.0  a978-602-955-500-4 a0010-091500000000529 aYOPDYOG 223a650.1 a650.1 Mif M aMIFTAHUL Akla aMonyet aja pinter cari uang, masak lo enggak bisa?!c/ Miftahul Akla, editor, Mohammad Imam aCet. 1 aYogyakartabDiva Pressc2010 a202 hlm.c; 21 cm. aBibliografi: hlm. 201-202 aWiraswasta aMOHAMMAD Imam aYOPDYOG a50327-PD/A.15 a50328-PD/A.15